Colloquium on joint international business ventures

Na minha lista:
Detalhes bibliográficos
Formato: Livro
Idioma:Undetermined
Publicado em: Beograd Institute of International Politics and Economy 1967
Assuntos:
Tags: Adicionar Tag
Sem tags, seja o primeiro a adicionar uma tag!
Thư viện lưu trữ: Trung tâm Học liệu Trường Đại học Cần Thơ
LEADER 00473nam a2200157Ia 4500
001 CTU_98743
008 210402s9999 xx 000 0 und d
082 |a 382 
082 |b C714 
245 0 |a Colloquium on joint international business ventures 
260 |a Beograd 
260 |b Institute of International Politics and Economy 
260 |c 1967 
650 |a Trade,International business 
904 |i Tuyến 
980 |a Trung tâm Học liệu Trường Đại học Cần Thơ